Spell the Marvel Villain #11 - Statistics

General Stats
  • This quiz has been taken 15 times
  • The average score is 6 of 11
Answer Stats
Picture Answer % Correct
Sandman
100%
Hydro-Man
67%
Executioner
60%
Bushwacker
47%
Count Nefaria
47%
Red Ghost
47%
Unicorn
47%
Wizard
47%
Baron Mordo
40%
Karnilla
33%
Angar the Screamer
27%
No matching quizzes found
Score Distribution
Percent of People with Each Score
Percentile by Number Answered
Your Score History
You have not taken this quiz